Formación política y gobernabilidad democrática en Centro América /

में बचाया:
ग्रंथसूची विवरण
मुख्य लेखक: Cerezo Arévalo, Marco Vinicio
स्वरूप: मूलपाठ
विषय:
टैग: टैग जोड़ें
कोई टैग नहीं, इस रिकॉर्ड को टैग करने वाले पहले व्यक्ति बनें!

MARC

LEADER 00000 a a2200000 04500
001 11478
003
040
100 |a Cerezo Arévalo, Marco Vinicio  
245 |a Formación política y gobernabilidad democrática en Centro América /  |c Marco Vinicio Cerezo Arévalo 
650 |a CAPACITACION  
650 |a POLITICA  
650 |a GOBERNABILIDAD  
650 |a DEMOCRACIA  
650 |a DEMOCRATIZACION  
650 |a DESARROLLO SOCIAL  
650 |a PARTIDOS POLITICOS  
650 |a ASPECTOS POLITICOS  
773 |g número 3 -4; páginas 108-126  
999 |c 31600  |d 31600